| 000 | 00343nam a22001217a 4500 | ||
|---|---|---|---|
| 040 | _cNUST | ||
| 082 | _a358.40095491 KAM | ||
| 100 |
_a Ahmad, Air Cdre Kama _9114008 |
||
| 245 | _aUntold Tales of Pakistan Air Force | ||
| 260 |
_aIslamabad: _bThe Army press, _c2005. |
||
| 650 |
_aUntold Tales of Pakistan Air Force _9113998 |
||
| 942 |
_2ddc _cBK |
||
| 999 |
_c595408 _d595408 |
||